|
|
|
|
| LEADER |
00000cam a22000002c 4500 |
| 001 |
1865819700 |
| 003 |
DE-627 |
| 005 |
20250124054850.0 |
| 007 |
cr uuu---uuuuu |
| 008 |
231017s2009 xx |||||o 00| ||por c |
| 035 |
|
|
|a (DE-627)1865819700
|
| 035 |
|
|
|a (DE-599)KXP1865819700
|
| 040 |
|
|
|a DE-627
|b ger
|c DE-627
|e rda
|
| 041 |
|
|
|a por
|
| 084 |
|
|
|a 2,1
|2 ssgn
|
| 100 |
1 |
|
|a Spindola, André Luiz
|e VerfasserIn
|4 aut
|
| 245 |
1 |
0 |
|a Impactos regionais dos gastos públicos sobre a criminalidade nos estados de Santa Catarina, Paraná e Rio Grande do Sul: uma análise descritiva
|
| 264 |
|
1 |
|c 2009
|
| 336 |
|
|
|a Text
|b txt
|2 rdacontent
|
| 337 |
|
|
|a Computermedien
|b c
|2 rdamedia
|
| 338 |
|
|
|a Online-Ressource
|b cr
|2 rdacarrier
|
| 520 |
|
|
|a TCC (graduação) - Universidade Federal de Santa Catarina. Centro Sócio-Econômico. Economia.O presente trabalho tem como objetivo desenvolver um estudo empírico sobre a relação dos índices de criminalidade versus o assistencialismo governamental. Através desta análise se demonstrará a relação dos gastos públicos em segurança e sua aplicação em políticas sociais como educação e previdência social nos três estados da federação que compõem a região sul do país, alçando o estudo às condições sócio-econômicas da população, bem como, a análise das taxas de analfabetismo, desemprego, concentração de renda, entre outros, dos estados acima referidos. Neste norte, buscará a conclusão sobre qual política é mais eficaz no combate ao crime e a violência atualmente estabelecida, se a atual política de repressão, a qual visa apenas aumentar o efetivo policial, muitas vezes, em detrimento de um eficaz treinamento ou preparo psicológico do agente público, encarregado de reprimir a criminalidade ou a política de assistencialismo que se funda na educação e no favorecimento da criação de oportunidades à população menos favorecida, ampliando-lhe o horizonte de alternativas como forma de mantê-la distante do interesse de viver à margem da legalidade. O presente estudo faz uma análise descritiva de dados, procurando demonstrar através de um breve histórico a evolução da criminalidade e, conseqüentemente, as penas aplicadas ao longo dos anos, alicerçando-se, inclusive, numa apresentação esclarecedora dos inúmeros motivos que levam um indivíduo a ingressar na criminalidade, demonstrando que a educação pode ser um objetivo a ser perseguido e o oferecimento de oportunidades pode traduzir-se numa redução dos índices de criminalidade. Concluindo, dessa forma, que os gastos públicos em segurança e assistencialismo estão correlacionados no aumento ou diminuição dos índices de criminalidade
|
| 650 |
|
4 |
|a thesis
|
| 856 |
4 |
0 |
|u https://core.ac.uk/download/30400959.pdf
|x Verlag
|z kostenfrei
|3 Volltext
|7 0
|
| 935 |
|
|
|a mkri
|
| 951 |
|
|
|a BO
|
| ELC |
|
|
|a 1
|
| LOK |
|
|
|0 000 xxxxxcx a22 zn 4500
|
| LOK |
|
|
|0 001 4390858106
|
| LOK |
|
|
|0 003 DE-627
|
| LOK |
|
|
|0 004 1865819700
|
| LOK |
|
|
|0 005 20231017043640
|
| LOK |
|
|
|0 008 231017||||||||||||||||ger|||||||
|
| LOK |
|
|
|0 035
|a (DE-2619)CORE18431388
|
| LOK |
|
|
|0 040
|a DE-2619
|c DE-627
|d DE-2619
|
| LOK |
|
|
|0 092
|o n
|
| LOK |
|
|
|0 852
|a DE-2619
|
| LOK |
|
|
|0 852 1
|9 00
|
| LOK |
|
|
|0 935
|a core
|
| LOK |
|
|
|0 939
|a 17-10-23
|b l01
|
| OAS |
|
|
|a 1
|
| ORI |
|
|
|a SA-MARC-krimdoka001.raw
|